Paises con mas cerdos - Estadísticas

Estadísticas generales
  • Esta prueba ha sido intentada 52 veces
  • La puntuación promedio es 8 de 10
Estadísticas de respuestas
Toneladas de carne exportadas País % Correcto
2,44 España
98%
2,38 Estados Unidos
98%
0,53 Francia
95%
1,36 Brasil
89%
1,3 Canadá
86%
1,8 Alemania
82%
0,38 Polonia
68%
1,31 Paises Bajos
57%
0,74 Bélgica
55%
1,27 Dinamarca
43%
No se encontraron pruebas coincidentes
Distribución de puntuación
Porcentaje de gente con cada puntuación
Porcentaje por número respondido
Historial de tus puntuaciones
No has intentado esta prueba.